000 00947nam a2200265Ia 4500
003 GCL
008 140319s9999 xx 000 0 ara d
040 _aGCL /
_cGCL
082 0 4 _a370.1
_bف ت
100 1 _aفؤاد بسيونى متولى
245 1 0 _aالتربية والمشكلة السكانية- رؤية عصرية لبعض مشكلات المجتمع وعلاقتها بالتربية /
_cفؤاد بسيونى متولى
700 1 _aابراهيم عصمت مطاوع
260 _a[S.N] :
_bدار المعرفة الجامعية ،
_c1990
300 _a163
490 _aالمكتبة التربوية
_v0
650 0 4 _aمصر
650 0 4 _aالاحوال الاجتماعية
650 0 4 _aالتعليم
650 0 4 _aالتربية
650 0 4 _aالسكان
650 0 4 _aالانفجار السكانى
650 0 4 _aتعداد السكان
650 0 4 _aالتربية والتعليم
942 _2ddc
_cBK
999 _c28888
_d28888